Lyrics: Wenn Inge tanzt (Film Version) - Systemfehler - Statistiken

Allgemein
  • Dieses Quiz wurde 28 mal gespielt
  • Das Durchschnittsergebnis liegt bei 184 aus 296
Antwortstatistiken
Antwort % Korrekt
Inge
95%
Inge,
95%
Inge!
95%
sie
95%
Sie
95%
tanz,
90%
tanz
90%
für
85%
Komm,
85%
komm,
85%
nicht,
85%
nicht
85%
tanzt,
85%
tanzt
85%
wenn
85%
Wenn
85%
dann
80%
den
80%
nur
80%
sich
80%
ist
75%
und
75%
dagegen
70%
das
70%
doch
70%
Verstand
70%
bitte
65%
an
60%
denn
60%
Denn
60%
die
60%
dir
60%
du
60%
gibt
60%
Herz
60%
ihr
60%
Vollgas,
60%
raubt
55%
über
55%
zu
55%
barfuß
50%
hippiemäßig
50%
ihren
50%
kein
50%
Sand
50%
springt
50%
Welt
50%
durch
45%
hält
45%
im
45%
macht
45%
will
45%
als
40%
auf
40%
Namen
40%
Recycling
40%
Style
40%
wie
40%
zum
40%
Altglas
35%
außer
35%
Band
35%
bringen
35%
diskutieren
35%
eher
35%
geht
35%
keine
35%
Rand
35%
verbessern,
35%
Abfall
30%
Achselhaare
30%
bewegen
30%
epiliert
30%
fängt
30%
gibt's
30%
gut
30%
Halten,
30%
kurzen
30%
Mädchen
30%
Mund
30%
Pulli
30%
renn'
30%
Röcke,
30%
selbstgestrickten
30%
steht
30%
ungeil
30%
ungeschminkt,
30%
vögeln
30%
willst
30%
Wind
30%
coole
25%
ein
25%
flenn'
25%
hat
25%
Lianen,
25%
richtig
25%
sagst
25%
Tiere,
25%
Typen
25%
alle
20%
Baby",
20%
jeden
20%
liebt
20%
Pöbeln
20%
primitives
20%
was
20%
dass
15%
es
15%
kleinen
15%
Scheißfrisur
15%
"Schnauze,
15%
Spruch
15%
wird
15%
erste
10%
rebellieren,
10%
Reihe,
10%
schmeißen,
10%
Steine
10%
tragen
10%
Volksgenossen,
10%
Wasserwerfer,
10%
zeigt
10%
auch,
5%
fragen
5%
höflich
5%
satt
5%
sehn'
5%
Wet-T-Shirt-Contest,
5%
Che-Guevara-Shirt
0%
glaubt
0%
reicht
0%
Keine übereinstimmenden Quizze gefunden
Verteilung der Resultate
Anzahl Personen mit jedem Resultat
Perzentil nach korrekt beantworteten Fragen
Ihre Resultats-Entwicklung
Sie haben dieses Quiz noch nicht gespielt